[Event "msr2018"]
[Site "?"]
[Date "2018.04.23"]
[Round "4.9"]
[White "Turcan, Richard"]
[Black "Sosovicka, Jakub"]
[Result "1/2-1/2"]
[BlackElo "2105"]
[WhiteElo "2171"]
[LiveChessVersion "1.4.8"]

1. d4 {[%clk 1:30:46]} d5 {[%clk 1:30:51]} 2. e3 {[%clk 1:31:10]} Nf6
{[%clk 1:28:20]} 3. Bd3 {[%clk 1:31:07]} c5 {[%clk 1:24:20]} 4. c3
{[%clk 1:30:40]} Nc6 {[%clk 1:23:08]} 5. Nf3 {[%clk 1:28:48]} cxd4
{[%clk 1:20:49]} 6. exd4 {[%clk 1:24:05]} Bg4 {[%clk 1:18:56]} 7. h3
{[%clk 1:09:51]} Bh5 {[%clk 1:18:21]} 8. Qb3 {[%clk 1:00:58]} Qc7
{[%clk 0:58:11]} 9. Bf4 {[%clk 0:46:43]} Qxf4 {[%clk 0:45:54]} 10. Qxb7
{[%clk 0:44:55]} Qc1+ {[%clk 0:41:07]} 11. Ke2 {[%clk 0:44:40]} Nxd4+
{[%clk 0:41:07]} 12. cxd4 {[%clk 0:44:40]} Bxf3+ {[%clk 0:41:07]} 13. Kxf3
{[%clk 0:44:40]} Qc8 {[%clk 0:41:07]} 14. Qxc8+ {[%clk 0:44:40]} Rxc8
{[%clk 0:41:07]} 15. Na3 {[%clk 0:44:40]} e6 {[%clk 0:41:07]} 16. Rhc1
{[%clk 0:44:40]} Rxc1 {[%clk 0:41:07]} 17. Rxc1 {[%clk 0:44:40]} Bxa3
{[%clk 0:41:07]} 18. bxa3 {[%clk 0:44:40]} Kd8 {[%clk 0:41:07]} 19. Rc5
{[%clk 0:44:40]} Re8 {[%clk 0:41:07]} 20. Ba6 {[%clk 0:44:40]} Ne4
{[%clk 0:41:07]} 21. Rc2 {[%clk 0:44:40]} Nd6 {[%clk 0:41:07]} 22. Ke2
{[%clk 0:44:40]} Kd7 {[%clk 0:41:07]} 23. Rb2 {[%clk 0:44:40]} Kc7
{[%clk 0:41:07]} 24. Bd3 {[%clk 0:44:40]} h6 {[%clk 0:41:07]} 25. Kd2
{[%clk 0:44:40]} Rb8 {[%clk 0:41:07]} 26. Rb3 {[%clk 0:44:40]} Rb6
{[%clk 0:41:07]} 27. Rb4 {[%clk 0:44:40]} a5 {[%clk 0:41:07]} 28. Rb3
{[%clk 0:44:40]} Rxb3 {[%clk 0:41:07]} 29. axb3 {[%clk 0:44:40]} Kb6
{[%clk 0:41:07]} 30. Kc3 {[%clk 0:44:40]} Nb7 {[%clk 0:41:07]} 31. b4
{[%clk 0:44:40]} Nd6 {[%clk 0:41:07]} 32. Kb3 {[%clk 0:44:40]} axb4
{[%clk 0:41:07]} 33. Kxb4 {[%clk 0:44:40]} Nb7 {[%clk 0:41:07]} 34. a4
{[%clk 0:44:40]} g5 {[%clk 0:41:07]} 35. Bh7 {[%clk 0:44:40]} Na5
{[%clk 0:41:07]} 36. Bg8 {[%clk 0:44:40]} Nc6+ {[%clk 0:41:07]} 37. Kc3
{[%clk 0:44:40]} Nd8 {[%clk 0:41:07]} 38. Kb4 {[%clk 0:44:40]} 1/2-1/2

[Event "msr2018"]
[Site "?"]
[Date "2018.04.23"]
[Round "4.10"]
[White "Zetocha, Adrian"]
[Black "Petrek, David"]
[Result "1-0"]
[BlackElo "1720"]
[WhiteElo "2094"]
[LiveChessVersion "1.4.8"]

1. c4 {[%clk 1:30:57]} c6 {[%clk 1:30:44]} 2. Nc3 {[%clk 1:31:00]} d5
{[%clk 1:31:01]} 3. e3 {[%clk 1:31:23]} Nf6 {[%clk 1:31:24]} 4. Nf3
{[%clk 1:31:43]} e6 {[%clk 1:31:30]} 5. b3 {[%clk 1:31:59]} Be7 {[%clk 1:31:41]}
6. Bb2 {[%clk 1:32:22]} O-O {[%clk 1:31:53]} 7. Be2 {[%clk 1:32:44]} a6
{[%clk 1:31:11]} 8. d4 {[%clk 1:28:51]} Nbd7 {[%clk 1:31:13]} 9. Qc2
{[%clk 1:26:15]} b5 {[%clk 1:31:08]} 10. O-O {[%clk 1:26:17]} Bb7
{[%clk 1:30:59]} 11. c5 {[%clk 1:15:03]} a5 {[%clk 1:23:14]} 12. a3
{[%clk 1:10:31]} Qc7 {[%clk 1:22:19]} 13. b4 {[%clk 1:07:33]} a4 {[%clk 1:11:07]}
14. Rac1 {[%clk 0:50:31]} Ba6 {[%clk 1:02:32]} 15. Bd3 {[%clk 0:50:00]} h6
{[%clk 0:59:08]} 16. Ne2 {[%clk 0:49:52]} Rae8 {[%clk 0:52:45]} 17. Nc3
{[%clk 0:45:15]} Ra8 {[%clk 0:44:25]} 18. Qe2 {[%clk 0:45:15]} Qb7
{[%clk 0:44:25]} 19. Bb1 {[%clk 0:45:15]} Rfe8 {[%clk 0:44:25]} 20. Qc2
{[%clk 0:45:15]} Nf8 {[%clk 0:44:25]} 21. Ne5 {[%clk 0:45:15]} N6d7
{[%clk 0:44:25]} 22. f4 {[%clk 0:45:15]} f5 {[%clk 0:44:25]} 23. g4
{[%clk 0:45:15]} g6 {[%clk 0:44:25]} 24. Nxg6 {[%clk 0:45:15]} Nxg6
{[%clk 0:44:25]} 25. gxf5 {[%clk 0:45:15]} exf5 {[%clk 0:44:25]} 26. Qxf5
{[%clk 0:45:15]} Ndf8 {[%clk 0:44:25]} 27. Qh5 {[%clk 0:45:15]} Kh7
{[%clk 0:44:25]} 28. f5 {[%clk 0:45:15]} Bg5 {[%clk 0:44:25]} 29. fxg6+
{[%clk 0:45:15]} Kg8 {[%clk 0:44:25]} 30. Rf7 {[%clk 0:45:15]} Re7
{[%clk 0:44:25]} 31. Rcf1 {[%clk 0:45:15]} Rae8 {[%clk 0:44:25]} 32. Ne4
{[%clk 0:45:15]} Bxe3+ {[%clk 0:44:25]} 33. Kh1 {[%clk 0:45:15]} dxe4
{[%clk 0:44:25]} 34. Ba2 {[%clk 0:45:15]} Ne6 {[%clk 0:44:25]} 35. Bxe6
{[%clk 0:45:15]} 1-0

[Event "msr2018"]
[Site "?"]
[Date "2018.04.23"]
[Round "4.11"]
[White "Valko, Michal"]
[Black "Sobek, Michal"]
[Result "0-1"]
[BlackElo "2022"]
[WhiteElo "1558"]
[LiveChessVersion "1.4.8"]

1. e4 {[%clk 1:30:56]} c5 {[%clk 1:30:52]} 2. Nf3 {[%clk 1:30:53]} Nc6
{[%clk 1:31:13]} 3. d4 {[%clk 1:31:14]} cxd4 {[%clk 1:31:35]} 4. Nxd4
{[%clk 1:31:38]} g6 {[%clk 1:31:54]} 5. c4 {[%clk 1:30:18]} Nf6 {[%clk 1:31:45]}
6. Nc3 {[%clk 1:29:35]} d6 {[%clk 1:31:26]} 7. Be2 {[%clk 1:25:41]} Bg7
{[%clk 1:31:43]} 8. Be3 {[%clk 1:21:38]} O-O {[%clk 1:31:48]} 9. O-O
{[%clk 1:17:49]} Nxd4 {[%clk 1:26:29]} 10. Bxd4 {[%clk 1:17:36]} Nd7
{[%clk 1:25:58]} 11. Bxg7 {[%clk 1:15:40]} Kxg7 {[%clk 1:25:52]} 12. Qd4+
{[%clk 1:09:01]} Kg8 {[%clk 1:25:48]} 13. Rad1 {[%clk 1:08:52]} b6
{[%clk 1:21:25]} 14. f4 {[%clk 1:06:10]} Rb8 {[%clk 1:19:49]} 15. Kh1
{[%clk 1:03:33]} Re8 {[%clk 1:15:58]} 16. f5 {[%clk 1:00:13]} Ne5
{[%clk 1:15:47]} 17. Nd5 {[%clk 0:57:35]} Bb7 {[%clk 0:54:19]} 18. f6
{[%clk 0:54:39]} Bxd5 {[%clk 0:53:28]} 19. fxe7 {[%clk 0:54:30]} Qxe7
{[%clk 0:53:51]} 20. cxd5 {[%clk 0:52:46]} Rbc8 {[%clk 0:48:00]} 21. Bb5
{[%clk 0:48:15]} Red8 {[%clk 0:47:39]} 22. Rc1 {[%clk 0:48:15]} Rc5
{[%clk 0:47:39]} 23. Rxc5 {[%clk 0:48:15]} bxc5 {[%clk 0:47:39]} 24. Qf2
{[%clk 0:48:15]} Rb8 {[%clk 0:47:39]} 25. Ba6 {[%clk 0:48:15]} Rb6
{[%clk 0:47:39]} 26. Qe2 {[%clk 0:48:15]} Qg5 {[%clk 0:47:39]} 27. b3
{[%clk 0:48:15]} Rb4 {[%clk 0:47:39]} 28. Bc4 {[%clk 0:48:15]} Rb7
{[%clk 0:47:39]} 29. Ba6 {[%clk 0:48:15]} Rb4 {[%clk 0:47:39]} 30. Bc4
{[%clk 0:48:15]} Qe7 {[%clk 0:47:39]} 31. h3 {[%clk 0:48:15]} Rb8
{[%clk 0:47:39]} 32. Qf2 {[%clk 0:48:15]} Kg7 {[%clk 0:47:39]} 33. Qf4
{[%clk 0:48:15]} Nxc4 {[%clk 0:47:39]} 34. bxc4 {[%clk 0:48:15]} Rb4
{[%clk 0:47:39]} 35. Rc1 {[%clk 0:48:15]} Qf6 {[%clk 0:47:39]} 36. g3
{[%clk 0:48:15]} Rb2 {[%clk 0:47:39]} 37. Rd1 {[%clk 0:48:15]} g5
{[%clk 0:47:39]} 38. Qc1 {[%clk 0:48:15]} Qf3+ {[%clk 0:47:39]} 0-1

[Event "msr2018"]
[Site "?"]
[Date "2018.04.23"]
[Round "4.12"]
[White "Priechodsky, Radovan"]
[Black "Bochnicka, Vladimir"]
[Result "1/2-1/2"]
[BlackElo "2043"]
[WhiteElo "1679"]
[LiveChessVersion "1.4.8"]

1. e4 {[%clk 1:30:57]} e5 {[%clk 1:30:54]} 2. Nc3 {[%clk 1:31:20]} Nc6
{[%clk 1:30:41]} 3. Nf3 {[%clk 1:31:17]} Nf6 {[%clk 1:31:06]} 4. d4
{[%clk 1:31:10]} exd4 {[%clk 1:21:13]} 5. Nxd4 {[%clk 1:31:26]} Bb4
{[%clk 1:18:53]} 6. Bg5 {[%clk 1:26:02]} h6 {[%clk 1:12:02]} 7. Bxf6
{[%clk 1:19:55]} Qxf6 {[%clk 1:11:17]} 8. Ndb5 {[%clk 1:18:17]} Ba5
{[%clk 0:59:00]} 9. Qd2 {[%clk 1:00:59]} O-O {[%clk 0:56:54]} 10. O-O-O
{[%clk 1:00:09]} a6 {[%clk 0:47:55]} 11. Nd4 {[%clk 0:59:17]} Re8
{[%clk 0:45:25]} 12. f3 {[%clk 0:58:51]} d6 {[%clk 0:42:28]} 13. Be2
{[%clk 0:57:29]} Nxd4 {[%clk 0:31:34]} 14. Qxd4 {[%clk 0:57:32]} Bxc3
{[%clk 0:30:34]} 15. bxc3 {[%clk 0:57:32]} Qxd4 {[%clk 0:30:34]} 16. cxd4
{[%clk 0:57:32]} Be6 {[%clk 0:30:34]} 17. Kd2 {[%clk 0:57:32]} b5
{[%clk 0:30:34]} 18. d5 {[%clk 0:57:32]} Bd7 {[%clk 0:30:34]} 19. Rb1
{[%clk 0:57:32]} c5 {[%clk 0:30:34]} 20. dxc6 {[%clk 0:57:32]} Bxc6
{[%clk 0:30:34]} 21. a4 {[%clk 0:57:32]} Rab8 {[%clk 0:30:34]} 22. axb5
{[%clk 0:57:32]} axb5 {[%clk 0:30:34]} 23. Rb4 {[%clk 0:57:32]} Re5
{[%clk 0:30:34]} 24. Rhb1 {[%clk 0:57:32]} Kf8 {[%clk 0:30:34]} 25. c4
{[%clk 0:57:32]} Ra8 {[%clk 0:30:34]} 26. cxb5 {[%clk 0:57:32]} Bb7
{[%clk 0:30:34]} 27. Rc4 {[%clk 0:57:32]} d5 {[%clk 0:30:34]} 28. Rc5
{[%clk 0:57:32]} Ra2+ {[%clk 0:30:34]} 29. Kd1 {[%clk 0:57:32]} Re7
{[%clk 0:30:34]} 30. b6 {[%clk 0:57:32]} dxe4 {[%clk 0:30:34]} 31. Rc7
{[%clk 0:57:32]} e3 {[%clk 0:30:34]} 32. Rxe7 {[%clk 0:57:32]} Kxe7
{[%clk 0:30:34]} 33. Rb3 {[%clk 0:57:32]} 1/2-1/2

[Event "msr2018"]
[Site "?"]
[Date "2018.04.23"]
[Round "4.13"]
[White "Mezes, Kristof"]
[Black "Vadila, Ondrej"]
[Result "0-1"]
[BlackElo "2023"]
[WhiteElo "1625"]
[LiveChessVersion "1.4.8"]

1. d4 {[%clk 1:30:57]} Nf6 {[%clk 1:30:55]} 2. c4 {[%clk 1:31:21]} g6
{[%clk 1:31:20]} 3. Nc3 {[%clk 1:31:33]} Bg7 {[%clk 1:31:46]} 4. e4
{[%clk 1:31:18]} d6 {[%clk 1:32:11]} 5. f3 {[%clk 1:31:14]} O-O {[%clk 1:32:31]}
6. Bd3 {[%clk 1:28:56]} e5 {[%clk 1:32:43]} 7. d5 {[%clk 1:28:12]} a5
{[%clk 1:33:02]} 8. Nge2 {[%clk 1:27:59]} Na6 {[%clk 1:32:57]} 9. Na4
{[%clk 1:26:03]} Nd7 {[%clk 1:31:45]} 10. Be3 {[%clk 1:24:56]} f5
{[%clk 1:30:35]} 11. O-O {[%clk 1:24:14]} f4 {[%clk 1:30:32]} 12. Bf2
{[%clk 1:24:11]} b6 {[%clk 1:30:21]} 13. Nec3 {[%clk 1:22:07]} Nf6
{[%clk 1:29:38]} 14. Nb5 {[%clk 1:20:49]} Bd7 {[%clk 1:26:17]} 15. Nac3
{[%clk 1:19:14]} g5 {[%clk 1:26:05]} 16. a3 {[%clk 1:17:27]} g4 {[%clk 1:23:16]}
17. Bh4 {[%clk 1:16:41]} gxf3 {[%clk 1:23:25]} 18. gxf3 {[%clk 1:15:52]} Qe8
{[%clk 1:22:52]} 19. Kh1 {[%clk 1:13:47]} Qh5 {[%clk 1:22:54]} 20. Bf2
{[%clk 1:09:17]} Ne8 {[%clk 1:21:21]} 21. Be2 {[%clk 1:04:29]} Rf6
{[%clk 1:20:57]} 22. Bg1 {[%clk 1:04:17]} Rg6 {[%clk 1:20:25]} 23. Rf2
{[%clk 0:58:45]} Bf6 {[%clk 1:16:49]} 24. Rg2 {[%clk 0:55:48]} Ng7
{[%clk 1:15:00]} 25. Rxg6 {[%clk 0:55:31]} hxg6 {[%clk 1:15:24]} 26. Bf2
{[%clk 0:55:11]} Kf7 {[%clk 1:14:04]} 27. Qg1 {[%clk 0:54:05]} Rh8
{[%clk 1:12:20]} 28. Rc1 {[%clk 0:45:05]} g5 {[%clk 1:09:09]} 29. Rc2
{[%clk 0:44:28]} Rh6 {[%clk 1:08:25]} 30. Bd1 {[%clk 0:40:29]} Rg6
{[%clk 1:08:39]} 31. Bxb6 {[%clk 0:38:57]} g4 {[%clk 0:53:51]} 32. fxg4
{[%clk 0:26:51]} Bxg4 {[%clk 0:54:05]} 33. Bxa5 {[%clk 0:27:02]} Bf3+
{[%clk 0:53:57]} 34. Bxf3 {[%clk 0:25:51]} Rxg1+ {[%clk 0:54:22]} 0-1

[Event "msr2018"]
[Site "?"]
[Date "2018.04.23"]
[Round "4.14"]
[White "Gyerpal, Adrian"]
[Black "Beres, Tomas"]
[Result "1-0"]
[BlackElo "1720"]
[WhiteElo "1976"]
[LiveChessVersion "1.4.8"]

1. d4 {[%clk 1:30:55]} Nf6 {[%clk 1:30:55]} 2. c4 {[%clk 1:31:16]} g6
{[%clk 1:31:21]} 3. Nf3 {[%clk 1:31:38]} Bg7 {[%clk 1:31:46]} 4. g3
{[%clk 1:31:55]} O-O {[%clk 1:31:38]} 5. Bg2 {[%clk 1:32:18]} d6 {[%clk 1:31:57]}
6. O-O {[%clk 1:32:10]} c6 {[%clk 1:32:18]} 7. Nc3 {[%clk 1:32:17]} Qc7
{[%clk 1:32:22]} 8. h3 {[%clk 1:31:15]} Nbd7 {[%clk 1:32:09]} 9. e4
{[%clk 1:30:26]} e5 {[%clk 1:32:25]} 10. Be3 {[%clk 1:28:10]} a5 {[%clk 1:25:38]}
11. d5 {[%clk 1:20:15]} Nh5 {[%clk 1:08:14]} 12. Rc1 {[%clk 1:14:36]} Re8
{[%clk 0:50:58]} 13. Ne1 {[%clk 1:06:07]} Bf8 {[%clk 0:50:01]} 14. Nd3
{[%clk 1:01:01]} Ng7 {[%clk 0:43:55]} 15. f4 {[%clk 0:45:55]} f5 {[%clk 0:42:28]}
16. Kh2 {[%clk 0:43:40]} Nf6 {[%clk 0:35:04]} 17. fxe5 {[%clk 0:37:48]} dxe5
{[%clk 0:34:35]} 18. c5 {[%clk 0:31:25]} Nxe4 {[%clk 0:30:06]} 19. Nxe4
{[%clk 0:27:15]} fxe4 {[%clk 0:30:29]} 20. Bxe4 {[%clk 0:26:18]} Bf5
{[%clk 0:25:04]} 21. d6 {[%clk 0:23:48]} Qd7 {[%clk 0:24:12]} 22. Nf2
{[%clk 0:23:36]} Ne6 {[%clk 0:11:15]} 23. Bg2 {[%clk 0:20:37]} Nd8
{[%clk 0:10:43]} 24. g4 {[%clk 0:19:04]} Be6 {[%clk 0:10:57]} 25. Ne4
{[%clk 0:19:01]} Bg7 {[%clk 0:11:14]} 26. Bh6 {[%clk 0:12:09]} Bh8
{[%clk 0:10:36]} 27. Bg5 {[%clk 0:07:38]} Nf7 {[%clk 0:07:07]} 28. Bf6
{[%clk 0:04:41]} Bd5 {[%clk 0:07:12]} 29. Nc3 {[%clk 0:03:21]} Bxg2
{[%clk 0:06:27]} 30. Kxg2 {[%clk 0:03:49]} Bxf6 {[%clk 0:03:09]} 31. Rxf6
{[%clk 0:04:18]} Kg7 {[%clk 0:03:09]} 32. Rf2 {[%clk 0:02:40]} b5
{[%clk 0:01:36]} 33. Ne4 {[%clk 0:02:10]} Qe6 {[%clk 0:01:13]} 34. Qb3
{[%clk 0:01:24]} Qxb3 {[%clk 0:00:47]} 35. axb3 {[%clk 0:01:52]} a4
{[%clk 0:00:39]} 36. Rcf1 {[%clk 0:01:27]} Rf8 {[%clk 0:00:48]} 37. b4
{[%clk 0:00:54]} Rad8 {[%clk 0:00:32]} 38. Kg3 {[%clk 0:00:43]} 1-0

[Event "msr2018"]
[Site "?"]
[Date "2018.04.23"]
[Round "4.15"]
[White "Kuna, Patrik"]
[Black "Popovic, Martin"]
[Result "1/2-1/2"]
[BlackElo "1897"]
[WhiteElo "1545"]
[LiveChessVersion "1.4.8"]

1. e4 {[%clk 1:30:57]} c5 {[%clk 1:30:56]} 2. Nf3 {[%clk 1:31:19]} Nc6
{[%clk 1:31:21]} 3. d4 {[%clk 1:31:24]} cxd4 {[%clk 1:31:44]} 4. Nxd4
{[%clk 1:31:49]} Nf6 {[%clk 1:32:11]} 5. f3 {[%clk 1:31:53]} d5 {[%clk 1:32:21]}
6. Bb5 {[%clk 1:22:47]} Bd7 {[%clk 1:32:35]} 7. Bxc6 {[%clk 1:22:21]} bxc6
{[%clk 1:32:49]} 8. e5 {[%clk 1:22:15]} Ng8 {[%clk 1:30:57]} 9. O-O
{[%clk 1:18:48]} e6 {[%clk 1:30:25]} 10. Nc3 {[%clk 1:16:01]} Bc5
{[%clk 1:25:03]} 11. Na4 {[%clk 1:10:43]} Be7 {[%clk 1:21:41]} 12. Nc3
{[%clk 1:02:59]} Qb6 {[%clk 1:15:36]} 13. Kh1 {[%clk 1:01:15]} c5
{[%clk 1:11:14]} 14. Nb3 {[%clk 1:00:21]} c4 {[%clk 1:00:04]} 15. Nd4
{[%clk 0:58:50]} Bc5 {[%clk 1:00:22]} 16. Nce2 {[%clk 0:57:36]} Ne7
{[%clk 0:58:35]} 17. b3 {[%clk 0:56:28]} O-O {[%clk 0:55:42]} 18. a4
{[%clk 0:54:25]} a5 {[%clk 0:39:57]} 19. Ba3 {[%clk 0:54:16]} Bxa3
{[%clk 0:39:29]} 20. Rxa3 {[%clk 0:54:38]} Qb4 {[%clk 0:38:39]} 21. Ra1
{[%clk 0:53:17]} Rfc8 {[%clk 0:35:59]} 22. Qe1 {[%clk 0:50:40]} Qb6
{[%clk 0:31:22]} 23. Qd2 {[%clk 0:48:38]} Nc6 {[%clk 0:20:55]} 24. f4
{[%clk 0:47:05]} cxb3 {[%clk 0:18:49]} 25. cxb3 {[%clk 0:47:27]} Qb4
{[%clk 0:18:40]} 26. Qd3 {[%clk 0:45:42]} Nxd4 {[%clk 0:18:25]} 27. Nxd4
{[%clk 0:44:57]} Rc3 {[%clk 0:18:40]} 28. Qd2 {[%clk 0:43:09]} Rac8
{[%clk 0:16:53]} 29. Rfe1 1/2-1/2

[Event "msr2018"]
[Site "?"]
[Date "2018.04.23"]
[Round "4.16"]
[White "Verbytskiy, Patrik"]
[Black "Grec, Jan Alexander"]
[Result "0-1"]
[BlackElo "1614"]
[WhiteElo "1838"]
[LiveChessVersion "1.4.8"]

1. e4 {[%clk 1:30:58]} c5 {[%clk 1:30:49]} 2. Nf3 {[%clk 1:31:25]} e6
{[%clk 1:31:06]} 3. d4 {[%clk 1:31:01]} cxd4 {[%clk 1:31:28]} 4. Nxd4
{[%clk 1:31:17]} a6 {[%clk 1:31:33]} 5. c4 {[%clk 1:31:40]} Nf6 {[%clk 1:31:17]}
6. Nc3 {[%clk 1:30:46]} Qc7 {[%clk 1:31:23]} 7. Be3 {[%clk 1:29:51]} Be7
{[%clk 1:30:27]} 8. Be2 {[%clk 1:29:48]} d6 {[%clk 1:30:22]} 9. O-O
{[%clk 1:29:50]} Nbd7 {[%clk 1:30:16]} 10. f4 {[%clk 1:30:01]} b6
{[%clk 1:28:52]} 11. f5 {[%clk 1:30:14]} Ne5 {[%clk 1:25:09]} 12. Rc1
{[%clk 1:27:41]} Bd7 {[%clk 1:18:47]} 13. b3 {[%clk 1:25:18]} Nc6
{[%clk 1:16:22]} 14. Bf3 {[%clk 1:23:02]} Rc8 {[%clk 1:07:20]} 15. Qe1
{[%clk 1:17:11]} Ne5 {[%clk 1:03:43]} 16. Be2 {[%clk 1:15:25]} Qb7
{[%clk 1:02:41]} 17. fxe6 {[%clk 0:56:34]} fxe6 {[%clk 1:01:56]} 18. Qg3
{[%clk 0:55:00]} O-O {[%clk 0:59:29]} 19. Bg5 {[%clk 0:46:52]} Qc7
{[%clk 0:44:27]} 20. Qh3 {[%clk 0:41:28]} Qc5 {[%clk 0:31:27]} 21. Be3
{[%clk 0:38:10]} Rfe8 {[%clk 0:28:15]} 22. Ndb5 {[%clk 0:33:10]} Qb4
{[%clk 0:26:47]} 23. a3 {[%clk 0:33:16]} Qxb3 {[%clk 0:27:04]} 24. Rb1
{[%clk 0:33:22]} Qxb1 {[%clk 0:27:01]} 25. Rxb1 {[%clk 0:33:34]} axb5
{[%clk 0:27:25]} 26. Nxb5 {[%clk 0:31:39]} Nxc4 {[%clk 0:26:50]} 27. Rc1
{[%clk 0:29:40]} e5 {[%clk 0:26:27]} 28. Qf3 {[%clk 0:14:00]} Bxb5
{[%clk 0:25:58]} 29. Bxb6 Nd2 {[%clk 0:25:51]} 30. Qe3 {[%clk 0:09:01]} Rxc1+
{[%clk 0:26:05]} 31. Kf2 {[%clk 0:09:14]} Nfxe4+ {[%clk 0:25:53]} 0-1

[Event "msr2018"]
[Site "?"]
[Date "2018.04.23"]
[Round "4.17"]
[White "Janik, Marek Tobias"]
[Black "Krupa, Miroslav"]
[Result "0-1"]
[BlackElo "2002"]
[WhiteElo "1553"]
[LiveChessVersion "1.4.8"]

1. e4 {[%clk 1:30:56]} c5 {[%clk 1:30:57]} 2. Nf3 {[%clk 1:31:16]} d6
{[%clk 1:31:22]} 3. d4 {[%clk 1:31:37]} cxd4 {[%clk 1:31:49]} 4. Nxd4
{[%clk 1:32:00]} Nf6 {[%clk 1:32:16]} 5. Nc3 {[%clk 1:32:25]} a6 6. Be2
{[%clk 1:32:40]} e6 {[%clk 1:33:10]} 7. Be3 {[%clk 1:33:05]} Nbd7
{[%clk 1:33:27]} 8. O-O {[%clk 1:31:06]} b5 {[%clk 1:33:44]} 9. Bf3
{[%clk 1:31:09]} Bb7 {[%clk 1:32:38]} 10. Qd2 {[%clk 1:26:38]} Ne5
{[%clk 1:32:44]} 11. Bg5 {[%clk 1:22:55]} Be7 {[%clk 1:31:08]} 12. Rfe1
{[%clk 1:07:38]} O-O {[%clk 1:28:47]} 13. Rad1 {[%clk 1:01:22]} Qc7
{[%clk 1:23:38]} 14. Bxf6 {[%clk 0:53:51]} Bxf6 {[%clk 1:23:56]} 15. Be2
{[%clk 0:53:40]} Rfd8 {[%clk 0:59:55]} 16. f4 {[%clk 0:51:57]} Nc6
{[%clk 0:53:55]} 17. Nxc6 {[%clk 0:50:26]} Bxc6 {[%clk 0:53:36]} 18. Bf3
{[%clk 0:49:57]} Rac8 {[%clk 0:51:38]} 19. Qe3 {[%clk 0:47:46]} Bb7
{[%clk 0:45:24]} 20. Rd3 {[%clk 0:36:31]} Be7 {[%clk 0:35:31]} 21. Kh1
{[%clk 0:36:16]} b4 {[%clk 0:34:55]} 22. Ne2 {[%clk 0:30:53]} Qxc2
{[%clk 0:35:01]} 23. Rd2 {[%clk 0:30:55]} Qc5 {[%clk 0:32:44]} 24. Nd4
{[%clk 0:29:22]} Qb6 {[%clk 0:23:31]} 25. Nf5 {[%clk 0:19:17]} Qxe3
{[%clk 0:23:50]} 26. Nxe7+ {[%clk 0:19:42]} Kf8 {[%clk 0:24:17]} 27. Rxe3
{[%clk 0:20:02]} Kxe7 {[%clk 0:24:39]} 28. Kg1 {[%clk 0:20:28]} Rc1+
{[%clk 0:23:40]} 29. Kf2 {[%clk 0:20:52]} Bc6 {[%clk 0:23:30]} 30. g4
{[%clk 0:19:27]} Bb5 {[%clk 0:22:01]} 31. Be2 {[%clk 0:16:56]} Rh1
{[%clk 0:20:36]} 32. h3 {[%clk 0:16:18]} Rh2+ {[%clk 0:20:11]} 33. Kg3
{[%clk 0:16:15]} Rxe2 {[%clk 0:20:29]} 34. Rexe2 {[%clk 0:16:39]} Bxe2
{[%clk 0:20:51]} 35. Rxe2 {[%clk 0:17:07]} Rc8 {[%clk 0:21:16]} 36. Kf2
{[%clk 0:17:27]} Rc1 {[%clk 0:21:20]} 37. Re1 {[%clk 0:14:44]} Rxe1
{[%clk 0:18:34]} 38. Kxe1 {[%clk 0:15:07]} Kd7 {[%clk 0:18:06]} 39. Kd2
{[%clk 0:15:27]} Kc6 {[%clk 0:18:30]} 40. Kd3 {[%clk 0:15:49]} Kc5
{[%clk 0:18:55]} 41. h4 {[%clk 0:14:48]} f6 {[%clk 0:18:27]} 42. b3
{[%clk 0:14:02]} e5 {[%clk 0:16:40]} 43. f5 {[%clk 0:14:21]} h6 {[%clk 0:16:28]}
44. h5 {[%clk 0:14:05]} d5 {[%clk 0:16:49]} 45. Ke3 {[%clk 0:14:04]} dxe4
{[%clk 0:17:03]} 46. Kxe4 {[%clk 0:14:24]} Kd6 {[%clk 0:17:23]} 47. Kd3
{[%clk 0:13:57]} Kd5 {[%clk 0:17:48]} 48. Ke3 {[%clk 0:14:22]} e4
{[%clk 0:18:14]} 49. Kf4 {[%clk 0:14:34]} Kd4 {[%clk 0:18:35]} 50. Kg3
{[%clk 0:14:46]} Kd3 {[%clk 0:19:00]} 51. Kf2 {[%clk 0:15:12]} Kd2
{[%clk 0:19:24]} 52. Kf1 {[%clk 0:15:36]} e3 {[%clk 0:19:51]} 53. Kg2
{[%clk 0:15:50]} e2 0-1

[Event "msr2018"]
[Site "?"]
[Date "2018.04.23"]
[Round "4.19"]
[White "Orgon, Patrik"]
[Black "Salgovic, Simon"]
[Result "0-1"]
[BlackElo "1789"]
[WhiteElo "1402"]
[LiveChessVersion "1.4.8"]

1. e4 e5 {[%clk 1:30:08]} 2. Nf3 {[%clk 1:31:19]} Nf6 {[%clk 1:30:35]} 3. Nc3
{[%clk 1:31:37]} Nc6 {[%clk 1:30:59]} 4. Bb5 {[%clk 1:31:13]} Bb4
{[%clk 1:30:49]} 5. O-O {[%clk 1:31:20]} O-O {[%clk 1:30:48]} 6. Re1
{[%clk 1:31:21]} d6 {[%clk 1:30:41]} 7. Bxc6 {[%clk 1:29:11]} bxc6
{[%clk 1:31:00]} 8. d4 {[%clk 1:28:34]} exd4 {[%clk 1:27:28]} 9. Qxd4
{[%clk 1:28:21]} c5 {[%clk 1:25:23]} 10. Qd3 {[%clk 1:28:13]} Bb7
{[%clk 1:15:10]} 11. Bg5 {[%clk 1:25:54]} h6 {[%clk 1:12:33]} 12. Bh4
{[%clk 1:26:14]} Re8 {[%clk 0:49:40]} 13. Nd2 {[%clk 1:20:44]} g5
{[%clk 0:45:26]} 14. Bg3 {[%clk 1:20:06]} Nh5 {[%clk 0:40:28]} 15. Re3
{[%clk 1:18:23]} Qc8 {[%clk 0:29:01]} 16. Qe2 {[%clk 1:17:31]} Nxg3
{[%clk 0:26:54]} 17. Rxg3 {[%clk 1:15:53]} Bxc3 {[%clk 0:25:31]} 18. bxc3
{[%clk 1:15:41]} Qe6 {[%clk 0:18:51]} 19. h4 {[%clk 1:14:19]} Bxe4
{[%clk 0:17:15]} 20. Re3 {[%clk 1:13:03]} d5 {[%clk 0:16:38]} 21. Re1
{[%clk 1:12:59]} f5 {[%clk 0:15:46]} 22. f3 {[%clk 1:11:13]} f4 {[%clk 0:15:32]}
23. Rd3 {[%clk 1:11:25]} Bf5 {[%clk 0:14:43]} 24. Qxe6+ {[%clk 1:11:15]} Rxe6
{[%clk 0:14:52]} 25. Rxe6 {[%clk 1:11:30]} Bxe6 {[%clk 0:15:19]} 26. hxg5
{[%clk 1:11:10]} hxg5 {[%clk 0:15:05]} 27. Nf1 {[%clk 1:10:20]} Rb8
{[%clk 0:14:23]} 28. Rd2 {[%clk 1:10:25]} Rb2 {[%clk 0:14:16]} 29. Re2
{[%clk 1:10:45]} Kf7 {[%clk 0:14:45]} 30. c4 {[%clk 1:10:34]} c6 {[%clk 0:14:03]}
31. cxd5 {[%clk 1:10:15]} cxd5 {[%clk 0:14:17]} 32. g3 {[%clk 1:10:19]} Rxa2
{[%clk 0:12:21]} 33. g4 {[%clk 1:10:34]} a5 {[%clk 0:12:21]} 34. Re5
{[%clk 1:10:31]} Kf6 {[%clk 0:12:31]} 35. Re2 {[%clk 1:10:51]} a4
{[%clk 0:12:56]} 36. Nd2 {[%clk 1:11:12]} Rb2 {[%clk 0:12:21]} 37. Re1
{[%clk 1:11:04]} Rxc2 {[%clk 0:12:32]} 38. Nf1 {[%clk 1:10:48]} a3
{[%clk 0:12:51]} 39. Ra1 {[%clk 1:11:13]} a2 {[%clk 0:13:17]} 40. Nh2
{[%clk 1:10:56]} Rb2 {[%clk 0:13:37]} 41. Nf1 {[%clk 1:11:13]} d4
{[%clk 0:14:04]} 42. Kh1 {[%clk 1:11:18]} Rb1 {[%clk 0:14:28]} 43. Rxa2
{[%clk 1:11:36]} Bxa2 {[%clk 0:14:43]} 44. Kg2 {[%clk 1:11:59]} Rxf1
{[%clk 0:14:56]} 45. Kxf1 {[%clk 1:12:22]} d3 {[%clk 0:15:21]} 46. Ke1
{[%clk 1:12:42]} c4 {[%clk 0:15:38]} 47. Kd2 {[%clk 1:13:05]} Ke5
{[%clk 0:15:46]} 48. Kc3 {[%clk 1:13:23]} Bb3 {[%clk 0:16:09]} 49. Kd2
{[%clk 1:13:45]} Kd4 {[%clk 0:16:35]} 50. Kc1 {[%clk 1:14:01]} Kc3
{[%clk 0:16:51]} 51. Kb1 {[%clk 1:14:23]} d2 {[%clk 0:17:15]} 52. Ka1
{[%clk 1:14:33]} d1=Q# 0-1